000 00303nam a2200133Ia 4500
005 20251222140112.0
008 251222s1900||||xx |||||||||||||| ||spa||
020 _a8870429695
082 _a190/S27
100 _aSavignano, Armando
245 0 _aUnamuno, Ortega, Zubiri
264 _bGuida
942 _cLIB
999 _c4327
_d4327